00950nas a2200229Ia 4500001001100000003000900011008004100020040001300061040001300074041001300087100004200100210001200142222001200154245008400166250001100250260002200261501008600283300001800369362003000387500026000417650004300677R142/B7047IT-RoPAU151124c99999999xx |||||||||||| ||und|| aIT-RoPAU cIT-RoPAU aFRANCESE aMayere AnnegCodice Aut. SPICS: 34255 aRESEAUX aReseaux aRESEAUX, N.058 (MARZO/APRILE 1993)bLogiques D'Information, Logiques De Service a1a ed. aPARISbCNETc1993 bPaulus - SPICS - Società San Paolo EM (non-commercial uses only)cCopyright2015 a19 p. [27-45] aN.058 (MARZO/APRILE 1993) aLogiche D'Informazione e di Servizio. Dimensioni Dimenticate da Riconsiderare. Modello dell'Industria Manifatturiera. Digressione Pittorica per Pensare la Differenza tra Prodotti e Servizi D'Informazione. Produzione D'Informazione O di Servizi: una Tensio aCOMUNICAZIONEvPUBBLICAZIONE PERIODICA